000 00478nmm a2200169Ia 4500
008 251105s9999||||xx |||||||||||||||||und||
020 _a9781621690238
041 _aspa
100 _aGreve, Meg
245 0 _a¡Demasiado ruido!
264 _a[Madrid, España] :
_bRourke Educational Media,
_c2012
300 _a24 páginas
490 _aAlitas verdes. Niveles K-1
650 _aAges 3-5 Years Old
856 _uhttps://public.digitaliapublishing.com/a/24883
942 _cCF
999 _c75242
_d75242